Practical Dictionary English-Khmer : (Record no. 8542)

MARC details
000 -LEADER
fixed length control field 00555nam a22001817a 4500
001 - CONTROL NUMBER
control field 8542
003 - CONTROL NUMBER IDENTIFIER
control field FISKH
005 - DATE AND TIME OF LATEST TRANSACTION
control field 20250918151737.0
008 - FIXED-LENGTH DATA ELEMENTS--GENERAL INFORMATION
fixed length control field 250918b cb ||||| |||| 00| 0 eng d
040 ## - CATALOGING SOURCE
Original cataloging agency FISKH
Language of cataloging eng
Transcribing agency FISKH
Modifying agency FISKH
082 ## - DEWEY DECIMAL CLASSIFICATION NUMBER
Classification number 495.9110321
100 ## - MAIN ENTRY--PERSONAL NAME
Personal name Chanbora, Chhim
245 ## - TITLE STATEMENT
Title Practical Dictionary English-Khmer :
Remainder of title For foreigners who wish to learn khmer /
Statement of responsibility, etc. Chhim Chanbora
260 ## - PUBLICATION, DISTRIBUTION, ETC.
Place of publication, distribution, etc. Phnom Penh :
Name of publisher, distributor, etc. Banteay Srey Bookshop,
Date of publication, distribution, etc. 2009.
300 ## - PHYSICAL DESCRIPTION
Extent 569 pages :
Other physical details color illustrations ;
Dimensions 20 cm
942 ## - ADDED ENTRY ELEMENTS (KOHA)
Source of classification or shelving scheme Dewey Decimal Classification
Koha item type Books
Suppress in OPAC No
Holdings
Withdrawn status Lost status Source of classification or shelving scheme Damaged status Not for loan Collection Home library Current library Shelving location Date acquired Total Checkouts Full call number Barcode Date last seen Copy number Price effective from Koha item type
    Dewey Decimal Classification     Reference Footprints International School Library Network Toul Tom Poung Campus Footprints International School Library Network Toul Tom Poung Campus Librarian's Shelf TK 09/18/2025   CHA 495.9110321 PZ7 FIS03868 09/18/2025 1 09/18/2025 Books